Fruit Production Problems and Solutions (Record no. 300772)
[ view plain ]
| 000 -LEADER | |
|---|---|
| fixed length control field | 00355nam a22001457a 4500 |
| 020 ## - INTERNATIONAL STANDARD BOOK NUMBER | |
| International Standard Book Number | 9788123925493 |
| 040 ## - CATALOGING SOURCE | |
| Original cataloging agency | CoA Pad Lib |
| 082 ## - DEWEY DECIMAL CLASSIFICATION NUMBER | |
| Classification number | 634 SHA/FR |
| 100 ## - MAIN ENTRY--PERSONAL NAME | |
| Personal name | Sharma, R.R |
| 245 ## - TITLE STATEMENT | |
| Title | Fruit Production Problems and Solutions |
| 250 ## - EDITION STATEMENT | |
| Edition statement | 1 |
| 260 ## - PUBLICATION, DISTRIBUTION, ETC. (IMPRINT) | |
| Place of publication, distribution, etc. | Lucknow |
| Name of publisher, distributor, etc. | International Book Distribution Co. |
| Date of publication, distribution, etc. | 2006 |
| 300 ## - PHYSICAL DESCRIPTION | |
| Extent | 709 |
| 942 ## - ADDED ENTRY ELEMENTS (KOHA) | |
| Source of classification or shelving scheme | Dewey Decimal Classification |
| Koha item type | Books (General) |
| Withdrawn status | Lost status | Source of classification or shelving scheme | Damaged status | Not for loan | Collection code | Home library | Current library | Shelving location | Date acquired | Cost, normal purchase price | Total Checkouts | Full call number | Barcode | Date last seen | Price effective from | Koha item type |
|---|---|---|---|---|---|---|---|---|---|---|---|---|---|---|---|---|
| Dewey Decimal Classification | Reference Book | College of Agriculture, Padannakkad | College of Agriculture, Padannakkad | Reference | 07/04/2022 | 2100.00 | 634 SHA/FR | KAU_COAP-10450 | 07/04/2022 | 07/04/2022 | Reference Book |
